| 000 | 00810nam a2200265Ia 4500 | ||
|---|---|---|---|
| 001 | dia_1628 | ||
| 003 | CHAP | ||
| 005 | 20251027144457.0 | ||
| 008 | 220117s1975 xx 000 0 und d | ||
| 010 | _a172172 | ||
| 040 | _cCHAP | ||
| 082 | _a630.717 P5 | ||
| 111 |
_aPlan Zacapoaxtla. México. _9151171 |
||
| 245 | _aInforme Anual, 19- | ||
| 260 |
_aChapingo, Mex. : _b E.N.A. Colegio de Postgraduados, 19-, _c1975 |
||
| 300 | _av. | ||
| 500 | _aDonación. La biblioteca tiene 1975-1976 | ||
| 650 |
_aAgricultura _xInvestigación tecnológica _9151172 |
||
| 650 |
_aExtensión agrícola _939144 |
||
| 710 |
_aI. E. N. A. Colegio de Postgraduados _9151173 |
||
| 901 | _a630.717 P5 | ||
| 902 | _aM | ||
| 905 | _a0000021975 1976 mx 0010000000spa00 | ||
| 942 |
_cLIBRO _2ddc |
||
| 999 |
_c172172 _d172172 |
||